Hodnotenie konkurencie v zariadeniach CR diplomová práca

Gespeichert in:
Bibliographische Detailangaben
1. Verfasser: Sellner, Robert
Körperschaft: Obchodná fakulta EU. Katedra tovaroznalectva a kvality tovaru
Weitere Verfasser: Mlákay, Jozef
Format: Buch
Sprache:Slowakisch
Veröffentlicht: Bratislava 2012
Tags: Tag hinzufügen
Keine Tags, Fügen Sie das erste Tag hinzu!

MARC

LEADER 00000nbm a2200000 4500
001 0159081
005 20170315090435.1
041 0 |a slo 
044 |a SK 
245 1 0 |a Hodnotenie konkurencie v zariadeniach CR  |b diplomová práca  |c Robert Sellner ; školiteľ: Jozef Mlakay 
264 1 |a Bratislava  |c 2012 
300 |a 78 s. 
100 1 |a Sellner, Robert 
700 1 |a Mlákay, Jozef 
710 2 |a Obchodná fakulta EU. Katedra tovaroznalectva a kvality tovaru